Words that End with ink - Statistics

General Stats
  • This quiz has been taken 119 times
  • The average score is 7 of 7
Answer Stats
Hint Answer % Correct
You eat food and you___ Water Drink
100%
A things that you can wash your hands at. Sink
99%
To form an idea in your mind Think
99%
When someone has an unfavourable smell coming off of them they ___ Stink
95%
To Connect or associate something with something else Link
91%
When you only close one of your eyes Wink
90%
When your on the Verge your on the ____ Brink
86%
No matching quizzes found
Score Distribution
Percent of People with Each Score
Percentile by Number Answered
Your Score History
You have not taken this quiz